Terry Pratchett's Discworld Characters Quiz 1 - Statistics

General Stats
  • This quiz has been taken 209 times
  • The average score is 15 of 20
Answer Stats
Hint Answer % Correct
Character who rides a white horse and talks in CAPITALS Death
96%
Simian who manages the Unseen University's collection of books (ook) The Librarian
92%
Main troll in the City Watch Detritus
90%
Opportunistic itinerant merchandiser Cut My Own Throat Dibbler
89%
Commander of the City Watch Sam Vimes
87%
The werewolf in the City Watch Angua von Uberwald
86%
The name of the white horse Binky
86%
"Granny"s full name Esmerelda Weatherwax
82%
Servants from Uberwald, all sharing the same name (and some body parts!) Igor
81%
Patrician of Ankh-Morpork Lord Havelock Vetinari
78%
Sapient pearwood chest with feet The Luggage
78%
Archchancellor of Unseen University Mistrum Ridcully
73%
Beggar with an active stench and senseless mumbling Foul Ole Ron
68%
The name of the talking wonder dog Gaspode
67%
Nanny Ogg's cat Greebo
65%
Leader of the Silver Horde Cohen the Barbarian
51%
King of the Golden River, recycler extraordinaire Harry King
47%
Professor of Cruel and Unusual Geography Rincewind
46%
Male leader of the Nac Mac Feegles Rob Anybody
45%
Womanising dwarf and highwayman Casanunder
44%
No matching quizzes found
Score Distribution
Percent of People with Each Score
Percentile by Number Answered
Your Score History
You have not taken this quiz